000 00701nam a2200241 i 4500
001 C2-0117508
003 PPAK
005 20180727110557.0
008 970728s1993 nyu |||| ||||| | eng d
020 _a0671797964
040 _aPPAK
_beng
_cPPAK
_erda
082 0 4 _a649.1
_223
090 0 0 _a649.1
_bSTR
_dG
100 1 _aStrasburger, Victor,
_eauthor
245 1 0 _aGetting your kids to say 'no' in the 90s when you said 'yes' in the '60s
264 1 _aNew York :
_bA Fireside Book ,
_c1993
300 _a286 pages ;
_c21 cm
336 _2rdacontent
_atext
337 _2rdamedia
_aunmediated
338 _2rdacarrier
_avolume
650 1 0 _aParent and teenager - United States
942 _ddc
_cB
999 _c31498
_d31498